[Event "XIX EYCC Boys U16"]
[Site "Fermo ITA"]
[Date "2009.09.06"]
[Round "6"]
[White "Martinho,F"]
[Black "Orava,A"]
[Result "1-0"]
[WhiteElo "1973"]
[BlackElo "1762"]

1.e4 c5 2.Nf3 e6 3.d4 cxd4 4.Nxd4 Nc6 5.Nc3 Qc7 6.Nxc6 bxc6 7.Bd3 e5 8.O-O Nf6
9.f4 d6 10.Kh1 Be7 11.f5 Bb7 12.Qe1 Nd7 13.Qg3 Bf6 14.Nd1 h5 15.Be3 h4 16.Qh3 Ke7
17.Nf2 Rag8 18.Rad1 d5 19.c3 Ba8 20.Bc2 Rd8 21.Bb3 Nb6 22.Bc5+ Ke8 23.Rfe1 Be7
24.Be3 c5 25.exd5 Bxd5 26.Bxd5 Nxd5 27.Bc1 f6 28.Qg4 Kf8 29.h3 c4 30.Re4 Qc5
31.Qe2 Rc8 32.Ng4 Kf7 33.Be3 Nxe3 34.Nxe3 Qa5 35.a3 Rhd8 36.Rxh4 Bf8 37.Rxd8 Qxd8
38.Rxc4 Rxc4 39.Qxc4+ Ke8 40.Qe6+ Qe7 41.Nd5 Qxe6 42.fxe6 Bd6 43.b4 a5 44.c4 axb4
45.axb4 e4 46.Kg1 f5 47.c5 Be5 48.c6  1-0

[Event "XIX EYCC Girls U16"]
[Site "Fermo ITA"]
[Date "2009.09.06"]
[Round "6"]
[White "Zakoscielna,K"]
[Black "Sop,S"]
[Result "1-0"]
[WhiteElo "2089"]
[BlackElo "1893"]

1.e4 c5 2.Nf3 e6 3.d4 cxd4 4.Nxd4 Nc6 5.Nc3 Qc7 6.Be3 a6 7.Be2 Nf6 8.O-O Be7
9.Kh1 O-O 10.f4 d6 11.Qe1 Nxd4 12.Bxd4 e5 13.fxe5 dxe5 14.Qg3 Bd6 15.Be3 Kh8
16.Rxf6 gxf6 17.Qh4 Qd8 18.Nd5 Be7 19.Rd1 Bd7 20.Bb6 Qe8 21.Nxf6 Bxf6 22.Qxf6+ Kg8
23.Rd3 Bg4 24.Bxg4 Qc6 25.Be6  1-0

[Event "XIX EYCC Boys U16"]
[Site "Fermo ITA"]
[Date "2009.09.06"]
[Round "6"]
[White "Firat,B"]
[Black "Baghdasaryan,V"]
[Result "1/2-1/2"]
[WhiteElo "2310"]
[BlackElo "2275"]

1.e4 c5 2.Nf3 e6 3.d4 cxd4 4.Nxd4 Nc6 5.Nc3 Qc7 6.g3 a6 7.Bg2 d6 8.O-O Be7
9.Re1 Bd7 10.a4 Nf6 11.Nxc6 Bxc6 12.a5 O-O 13.Be3 Nd7 14.Na4 Rae8 15.Nb6 f5
16.Bd4 e5 17.Be3 Nxb6 18.axb6 Qd7 19.exf5 Bxg2 20.Kxg2 Rxf5 21.Qd5+ Kh8 22.c4 e4
23.Qxe4 Rh5 24.Kg1 Bf6 25.Qf3 Qh3 26.Qg2 Qc8 27.Rad1 Bxb2 28.Rxd6 Rc5 29.Red1 Rxc4
30.Qd5 h6 31.Bxh6 gxh6 32.Rxh6+ Kg7 33.Qg5+ Kf8 34.Rd5 Bg7 35.Rf6+ Kg8 36.Rg6 Qh3
37.Rxg7+ Kh8 38.Re7 Rc1+ 39.Qxc1 Rxe7 40.Rc5 Qe6 41.Rc8+ Kg7 42.Rc7 a5 43.Qg5+ Kf8
44.Rxe7 Qxe7 45.Qxa5 Qe4 46.Qa3+ Kg7 47.Qe3 Qd5 48.h4 Kh7 49.Kh2 Qc6 50.f3 Qc2+
51.Kh3 Qd1 52.Qe4+ Kh6 53.Qxb7 Qf1+ 54.Kg4 Qc4+ 55.Qe4 Qc8+ 56.Qf5 Qa6 57.Qe6+ Kh7
58.Qd7+ Kh6 59.Qc6+ Kh7 60.Qc7+ Kh6 61.Qc6+ Kh7 62.h5 Kg7 63.Qg6+ Kh8 64.h6 Qc8+
65.Kf4 Qc7+ 66.Ke3 Qf4+ 67.Kd3 Qd4+  1/2-1/2

[Event "XIX EYCC Boys U18"]
[Site "Fermo ITA"]
[Date "2009.09.06"]
[Round "6"]
[White "Rombaldoni,Ax"]
[Black "Salgado Lopez,I"]
[Result "1/2-1/2"]
[WhiteElo "2425"]
[BlackElo "2558"]

1.e4 c5 2.Nf3 e6 3.d4 cxd4 4.Nxd4 Nc6 5.Nc3 Qc7 6.g3 a6 7.Bg2 Nf6 8.O-O d6
9.b3 Be7 10.Bb2 O-O 11.Nce2 Bd7 12.c4 Rac8 13.Rc1 Rfd8 14.Re1 Qb8 15.Nxc6 bxc6
16.c5 dxc5 17.e5 Be8 18.Qc2 Nd5 19.Be4 g6 20.h4 a5 21.Nc3 Nxc3 22.Bxc3 Qb5
23.Re3 c4 24.bxc4 Qxc4 25.Bxa5 Qxc2 26.Rxc2 Rd4 27.Bf3 c5 28.Rb2 c4 29.Rc3 Bf8
30.Bb6 Rd3 31.Rxd3 cxd3 32.Rd2 Bb5 33.Be3 Bg7 34.Be4 Bxe5 35.Bxd3 Rc1+ 36.Kh2 Bxd3
37.Rxd3 Rc2 38.a4 Ra2 39.Rd8+ Kg7 40.Ra8 Bc3 41.Bb6 e5 42.a5  1/2-1/2

[Event "4th Kolkata Open"]
[Site "Kolkata IND"]
[Date "2009.09.06"]
[Round "6"]
[White "Filippov,An UZB"]
[Black "Konguvel,P"]
[Result "1-0"]
[WhiteElo "2595"]
[BlackElo "2440"]

1.e4 c5 2.Nf3 e6 3.d4 cxd4 4.Nxd4 Nc6 5.Nc3 Qc7 6.Be2 a6 7.O-O Nf6 8.Be3 Be7
9.f4 d6 10.a4 O-O 11.Kh1 Bd7 12.Nb3 b6 13.Bf3 Rfe8 14.g4 Bc8 15.g5 Nd7 16.Bg2 Bf8
17.Rf3 g6 18.Rh3 Rb8 19.Qe1 Bg7 20.Qf2 Ne7 21.Rf1 f5 22.Bd4 e5 23.fxe5 dxe5
24.exf5 Nxf5 25.Bd5+ Kh8 26.Qg2 Nf8 27.Bg1 Ne6 28.Be3 Nf4 29.Bxf4 exf4 30.Bc6 Re6
31.Bd5 Re3 32.Rhf3 Bxc3 33.bxc3 Rxf3 34.Qxf3 Bb7 35.Bxb7 Rxb7 36.Nd4 b5 37.axb5 Nxd4
38.cxd4 Rxb5 39.Qxf4 Qxf4 40.Rxf4 Rxg5 41.c4 Kg7 42.d5 Rf5 43.Re4 Rf1+ 44.Kg2 Rd1
45.Re7+ Kf6 46.Re6+ Kf5 47.Rxa6 Rd4 48.Rc6 Kf4 49.Kf1 Kf3 50.Ke1 g5 51.d6 g4
52.c5 h5 53.Rc7 h4 54.Rf7+ Kg2 55.Rf2+ Kh3 56.Rd2 Re4+ 57.Kf1 Rf4+ 58.Kg1 Rc4
59.Rd1 Rc2 60.d7 Rg2+ 61.Kf1 Kxh2 62.d8=Q h3 63.c6 g3 64.c7 Rc2 65.Qd6 Rc3
66.Ke2 Rc2+ 67.Rd2  1-0

[Event "TCh-SRB 1st League"]
[Site "Kragujevac SRB"]
[Date "2009.09.06"]
[Round "6"]
[White "Zlatic,Mih"]
[Black "Perunovic,Mil"]
[Result "0-1"]
[WhiteElo "2456"]
[BlackElo "2572"]

1.e4 c5 2.Nf3 e6 3.d4 cxd4 4.Nxd4 Nc6 5.Nc3 Qc7 6.Be2 a6 7.f4 Nxd4 8.Qxd4 b5
9.Bf3 Bb7 10.Be3 Rc8 11.a3 h5 12.O-O Nf6 13.Rad1 Ng4 14.Bxg4 hxg4 15.Rf2 Qd8
16.f5 Rc4 17.Qe5 Qc7 18.Qxc7 Rxc7 19.Rfd2 Bc6 20.Bd4 f6 21.e5 Be7 22.Re1 Kf7
23.Rf2 Rh5 24.fxe6+ dxe6 25.Ne4 f5 26.Nd6+ Kg6 27.b3 Bh4 28.c4 bxc4 29.bxc4 g3
30.hxg3 Bxg3 31.Rb1 Bxf2+ 32.Kxf2 Rh2 33.Rb8 Rxg2+ 34.Kf1 Rc2 35.Bb6 Bg2+
36.Kg1 Rc6 37.Bf2 Bf3 38.Be3 Re2 39.Bd4 Rg2+ 40.Kf1 Ra2 41.Bb2 Kg5 42.Ke1 Kf4
43.Bc1+ Kxe5 44.Nf7+ Kf6 45.Nd8 Re2+  0-1

[Event "2nd WTeam w"]
[Site "Ningbo CHN"]
[Date "2009.09.06"]
[Round "5"]
[White "Kosintseva,T"]
[Black "Hou Yifan"]
[Result "0-1"]
[WhiteElo "2536"]
[BlackElo "2585"]

1.e4 c5 2.Nf3 e6 3.d4 cxd4 4.Nxd4 Nc6 5.Nc3 d6 6.g4 Nge7 7.Be3 a6 8.Nb3 b5
9.a3 Ng6 10.Qe2 Nge5 11.Bg2 Bd7 12.Rd1 Be7 13.O-O g5 14.Nd4 Nxd4 15.Bxd4 O-O
16.f4 gxf4 17.Rxf4 Bg5 18.Rff1 Qe7 19.Be3 Nc4 20.Bxg5 Qxg5 21.e5 d5 22.Rde1 Rac8
23.Rf3 Nxb2 24.h4 Qxh4 25.Rh3 Qg5 26.Bxd5 Rxc3 27.Rxc3 exd5 28.Qg2 Nc4 29.Qxd5 Qxg4+
30.Qg2 Qxg2+ 31.Kxg2 Re8 32.Rg3+ Kf8 33.Rg5 Re6  0-1

[Event "ch-RUS HL"]
[Site "Ulan Ude RUS"]
[Date "2009.09.06"]
[Round "5"]
[White "Lastin,A"]
[Black "Bocharov,D"]
[Result "1/2-1/2"]
[WhiteElo "2648"]
[BlackElo "2607"]

1.e4 c5 2.Nf3 Nc6 3.Nc3 e6 4.d4 cxd4 5.Nxd4 Qc7 6.Be2 Nf6 7.O-O Be7 8.Be3 O-O
9.f4 d6 10.Ndb5 Qb8 11.a4 b6 12.Bf3 Bb7 13.Qd2 Na5 14.Qd3 a6 15.Nd4 Qc7 16.Rad1 Nc4
17.Bc1 Rfd8 18.Qe2 Rac8 19.Kh1 g6 20.Qe1 Bf8 21.f5 e5 22.Nb3 h6 23.fxg6 fxg6
24.Be2 Bg7 25.Bd3 Qd7 26.Nd2 Na5 27.Qe2 Nc6 28.Bxa6 Nd4 29.Qd3 Bxa6 30.Qxa6 Nxc2
31.Qxb6 Rb8 32.Qg1 Qc6 33.h3 Kh7 34.Kh2 Rf8 35.Rf3 Nd4 36.Rf2 Rb7 37.Rdf1 Rbf7
38.Nf3 Qd7 39.Be3 Ne6 40.Nd2 Qb7 41.b3 Kg8 42.g3 Nd4 43.Bxd4 exd4 44.Nb5 Qc6
45.Nc4 Nxe4 46.Rxf7 Rxf7 47.Rxf7 Kxf7 48.Nxd4 Qd5 49.Qg2 Ke7 50.Ne2 Qc6 51.Nd2 d5
52.Nxe4 dxe4 53.a5 Be5 54.h4 h5 55.Qf2 Qb5 56.Qe3 Qd3 57.Qc5+ Bd6 58.Qa7+ Ke8
59.Qf2 Bc5 60.Qf1 Qxb3 61.Qf6 Qf3 62.Qc6+ Kf7 63.Qd5+ Kg7 64.Qe5+ Kg8 65.Qd5+ Kh7
66.Qxc5 Qxe2+ 67.Kh3 Qf1+ 68.Kh2 Qe2+ 69.Kh3 Qf1+ 70.Kh2  1/2-1/2

[Event "XIX EYCC Boys U16"]
[Site "Fermo ITA"]
[Date "2009.09.07"]
[Round "7"]
[White "Baghdasaryan,V"]
[Black "Pavlidis,Ant"]
[Result "1-0"]
[WhiteElo "2275"]
[BlackElo "2360"]

1.e4 c5 2.Nf3 e6 3.Nc3 Nc6 4.d4 cxd4 5.Nxd4 Qc7 6.Be3 Nf6 7.Ndb5 Qb8 8.f4 a6
9.e5 axb5 10.exf6 gxf6 11.Nxb5 b6 12.Be2 Rg8 13.O-O Bc5 14.Bxc5 bxc5 15.Qd3 Ba6
16.c3 Ke7 17.a4 d5 18.f5 Qb6 19.Qf3 e5 20.Qxd5 Rad8 21.Qa2 Bb7 22.Rf2 Rd2
23.a5 Qd8 24.Qc4 Ke8 25.Qxc5 Ne7 26.Bf1 Rd7 27.a6 Ba8 28.a7 Kf8 29.Ra6 Kg7
30.Rd6 Nd5 31.Rd2 Kh8 32.R2xd5  1-0

[Event "XIX EYCC Boys U16"]
[Site "Fermo ITA"]
[Date "2009.09.07"]
[Round "7"]
[White "Rzayev,B"]
[Black "Firat,B"]
[Result "0-1"]
[WhiteElo "2228"]
[BlackElo "2310"]

1.e4 c5 2.Nf3 Nc6 3.Nc3 e6 4.d4 cxd4 5.Nxd4 Nf6 6.g3 Bb4 7.Bg2 O-O 8.O-O Bxc3
9.bxc3 Qa5 10.Bb2 Ne5 11.Nb3 Qa4 12.c4 Nxc4 13.Bxf6 gxf6 14.Qg4+ Kh8 15.Qh4 Kg7
16.e5 fxe5 17.Qg5+ Kh8 18.Qf6+ Kg8 19.Be4 Qa3 20.Rae1 Nd6 21.f4 Qb4 22.c4 Nxe4
23.Rxe4 Qb6+ 24.c5 Qd8 25.fxe5 Qxf6 26.exf6 b6 27.Rff4 Kh8 28.Rg4 Ba6 29.Rd4 e5
30.Rd6 Bb5 31.Rg7 Bc6 32.Kf2 Rae8 33.g4 Rg8 34.Rxg8+ Rxg8 35.h3 h5 36.Kg3 hxg4
37.hxg4 Kh7 38.cxb6 axb6 39.Nd2 Kg6 40.Nc4 Re8 41.Kh4 b5 42.Ne3 Rh8+ 43.Kg3 Kg5
44.Nf5 Ra8 45.Rd2 Ra3+ 46.Kf2 Kxf6 47.Nd6 Kg6 48.Nc8 Kg5 49.Re2 f6 50.Ne7 Kxg4  0-1

[Event "XIX EYCC Boys U14"]
[Site "Fermo ITA"]
[Date "2009.09.07"]
[Round "7"]
[White "Berbatov,K"]
[Black "Pardo Simon,D"]
[Result "1-0"]
[WhiteElo "2398"]
[BlackElo "2321"]

1.e4 c5 2.Nf3 e6 3.d4 cxd4 4.Nxd4 Nc6 5.Nc3 Qc7 6.Be3 a6 7.f4 b5 8.Bd3 Bb7
9.Qf3 Nf6 10.O-O-O O-O-O 11.g4 d5 12.e5 Nxd4 13.Bxd4 Nd7 14.Kb1 Bc5 15.Ne2 f6
16.Qe3 Rde8 17.Rhe1 Kb8 18.h4 Re7 19.h5 h6 20.c3 Rf8 21.Ng1 fxe5 22.fxe5 Ref7
23.Rf1 Be7 24.Nh3 Nc5 25.Rxf7 Rxf7 26.Bg6 Rf8 27.g5 hxg5 28.Nxg5 Bxg5 29.Qxg5 Ne4
30.Qg4 Qc4 31.Bxe4 dxe4 32.b3 Qc7 33.Qxe6 Bc8 34.Qd5 Rf5 35.Bc5 Qb7 36.Qd6+ Ka8
37.Be3 Rf3 38.Qc5 Rf7 39.Rd8 Rc7 40.Qd4 Rd7 41.Rxd7 Bxd7 42.Qd6 Be8 43.e6 Bxh5
44.Qd8+ Qb8 45.Qd5+  1-0

[Event "XIX EYCC Boys U18"]
[Site "Fermo ITA"]
[Date "2009.09.07"]
[Round "7"]
[White "Kleijn,C"]
[Black "Massoni,M"]
[Result "1/2-1/2"]
[WhiteElo "2377"]
[BlackElo "2291"]

1.e4 c5 2.Nf3 e6 3.d4 cxd4 4.Nxd4 Nc6 5.Nc3 Qc7 6.Be2 Nf6 7.O-O a6 8.Be3 Bb4
9.Na4 Bd6 10.g3 b5 11.Nb6 Rb8 12.Nxc8 Rxc8 13.a4 Nxd4 14.Bxd4 e5 15.Be3 Bc5
16.Qd3 Bxe3 17.Qxe3 Qc6 18.axb5 axb5 19.Bd3 O-O 20.Ra5 Rb8 21.Qe2 Rfc8 22.Rfa1 h6
23.c3 b4 24.cxb4 Rxb4 25.Rxe5 Rcb8 26.Ra6 Qc1+ 27.Kg2 Qxb2 28.Qxb2 Rxb2 29.h3 Rd2
30.Ra3 d6 31.Rf5 Nd7 32.Bc4 Ne5 33.Ra7 Nxc4 34.Rfxf7 Ne5 35.Rxg7+ Kh8 36.Rh7+ Kg8
37.Rag7+ Kf8 38.Ra7 Kg8 39.Rhg7+  1/2-1/2

[Event "4th Kolkata Open"]
[Site "Kolkata IND"]
[Date "2009.09.07"]
[Round "7"]
[White "Satyapragyan,S"]
[Black "Deepan,C"]
[Result "1-0"]
[WhiteElo "2439"]
[BlackElo "2524"]

1.e4 c5 2.Nf3 e6 3.d4 cxd4 4.Nxd4 Nc6 5.Nc3 Qc7 6.g3 a6 7.Bg2 d6 8.O-O Bd7
9.a4 Nf6 10.Nb3 Be7 11.a5 Rc8 12.Be3 Ne5 13.Bb6 Qb8 14.Nd2 Bc6 15.f4 Ned7
16.Be3 O-O 17.g4 h6 18.Kh1 Nh7 19.Nb3 e5 20.h3 exf4 21.Bxf4 Ne5 22.Nd4 Bg5
23.Nf5 Rcd8 24.Bg3 g6 25.h4 gxf5 26.hxg5 f4 27.Rxf4 hxg5 28.Rf5 Bd7 29.Nd5 Bxf5
30.gxf5 f6 31.Ra3 Rd7 32.Bxe5 dxe5 33.Rh3 Rg7 34.Qg4 Qe8 35.b4 Qa4 36.c3 Qa1+
37.Kh2 Qe1 38.Rh6 Rff7 39.Qg3 Qe2 40.Qf3 Qe1 41.Qf1 Qxf1 42.Bxf1 g4 43.Kg2 Rg5
44.Kg3 Kg7 45.Rh4 Nf8 46.Bc4 Nd7 47.Nc7 Nc5 48.Ne8+  1-0

[Event "ch-RUS HL"]
[Site "Ulan Ude RUS"]
[Date "2009.09.07"]
[Round "6"]
[White "Inarkiev,E"]
[Black "Papin,V"]
[Result "1/2-1/2"]
[WhiteElo "2664"]
[BlackElo "2529"]

1.e4 c5 2.Nf3 e6 3.d4 cxd4 4.Nxd4 Nc6 5.Nc3 Qc7 6.Be2 Nf6 7.O-O Be7 8.Kh1 O-O
9.f4 d6 10.Be3 Nxd4 11.Qxd4 b6 12.Bc4 Bb7 13.Rf3 d5 14.exd5 exd5 15.Bd3 Bc5
16.Qe5 Qxe5 17.fxe5 Ng4 18.Bxc5 bxc5 19.Re1 Rae8 20.e6 fxe6 21.Rxf8+ Rxf8
22.Rxe6 d4 23.Nd1 Bd5 24.Re7 Nf2+ 25.Nxf2 Rxf2 26.b3 Rxg2 27.Bc4 Rg5+ 28.Bxd5+ Rxd5
29.Rxa7 Re5 30.b4 cxb4 31.Rb7 Rc5 32.Rxb4 Rxc2 33.Rxd4 Rxa2 34.Rd7 h6 35.Rb7 Kh7
36.Rb6 h5 37.Kg1 g6 38.Rc6 Kh6 39.Rc5 Re2 40.Ra5 h4 41.h3 Kg7 42.Ra6 Kf7
43.Ra4 g5 44.Ra6 Re6 45.Rxe6 Kxe6 46.Kf2 Kf5 47.Kf3 Ke5 48.Ke3 Kd5 49.Kf3 Ke5
50.Ke3 Kf5 51.Kf3 g4+ 52.hxg4+ Kg5 53.Kg2 Kxg4 54.Kh2 h3 55.Kg1 Kg3 56.Kh1 h2  1/2-1/2

[Event "XIX EYCC Girls U16"]
[Site "Fermo ITA"]
[Date "2009.09.08"]
[Round "8"]
[White "Haast,A"]
[Black "Bulmaga,I"]
[Result "1-0"]
[WhiteElo "2158"]
[BlackElo "2277"]

1.e4 c5 2.Nf3 e6 3.d4 cxd4 4.Nxd4 Nc6 5.Nc3 Qc7 6.Be3 Nf6 7.f4 Bb4 8.Nb5 Qa5
9.e5 Nd5 10.Bd2 Nxc3 11.bxc3 Bc5 12.c4 Qb6 13.Rb1 O-O 14.Nd6 Qc7 15.Bc3 f5
16.Be2 b6 17.Bf3 Ba6 18.Qd3 Rab8 19.Nb5 Qc8 20.h3 Bb7 21.g4 Qd8 22.Ke2 Ne7
23.Bxb7 Rxb7 24.Bd4 Ng6 25.Rbf1 Be7 26.Be3 Nh4 27.Rhg1 a6 28.Nd4 Bc5 29.gxf5 Nxf5
30.Nxf5 Rxf5 31.Rg5 Rxg5 32.fxg5 Bxe3 33.Qxe3 Rb8 34.h4 Rc8 35.Qf4 Qf8 36.Qxf8+ Rxf8
37.Rd1 Rf5 38.Rxd7 Rxe5+ 39.Kd3 Ra5 40.Rb7 Rxa2 41.Rxb6 e5 42.c5 Kf7 43.Rb7+ Kg6
44.c6 e4+ 45.Kc3 e3 46.c7  1-0

[Event "XIX EYCC Boys U18"]
[Site "Fermo ITA"]
[Date "2009.09.08"]
[Round "8"]
[White "Nuri,Kam"]
[Black "Platzgummer,F"]
[Result "1/2-1/2"]
[WhiteElo "2198"]
[BlackElo "2308"]

1.e4 c5 2.Nf3 e6 3.d4 cxd4 4.Nxd4 Nc6 5.Nc3 Qc7 6.g3 a6 7.Bg2 d6 8.O-O Nxd4
9.Qxd4 Ne7 10.Be3 Nc6 11.Qb6 Qxb6 12.Bxb6 Bd7 13.Rad1 Ne5 14.Bd4 Rc8 15.f4 Nc4
16.b3 Na5 17.Rd2 Nc6 18.Bb6 Nb4 19.Rf3 Be7 20.a3 Nc6 21.Ne2 Nb8 22.c4 Bc6
23.Rfd3 Nd7 24.Bf2 Nf6 25.Nc3 O-O 26.h3 Ne8 27.g4 b5 28.cxb5 axb5 29.a4 bxa4
30.bxa4 Ra8 31.Ra2  1/2-1/2

[Event "USCL 2009"]
[Site "ICC INT"]
[Date "2009.09.08"]
[Round "2"]
[White "Friedel,J"]
[Black "Zivanic,M"]
[Result "1-0"]
[WhiteElo "2547"]
[BlackElo "2471"]

1.e4 c5 2.Nf3 e6 3.d4 cxd4 4.Nxd4 Nc6 5.Nc3 Qc7 6.Be3 a6 7.Bd3 Nf6 8.O-O h5
9.h3 Bd6 10.f4 Nxd4 11.e5 Bc5 12.exf6 Nxc2 13.fxg7 Bxe3+ 14.Kh1 Rg8 15.Bxc2 Rxg7
16.Qxh5 Bd4 17.Qh8+ Ke7 18.Nd5+ exd5 19.Rfe1+ Kd6 20.Qf8+ Kc6 21.Ba4+ b5
22.Rac1+ Kb6 23.Rxc7 Kxc7 24.Rc1+ Kb7 25.Bb3 Ka7 26.Rxc8  1-0

[Event "4th Kolkata Open"]
[Site "Kolkata IND"]
[Date "2009.09.08"]
[Round "8"]
[White "Grover,S"]
[Black "Ganguly,S"]
[Result "0-1"]
[WhiteElo "2288"]
[BlackElo "2634"]

1.e4 c5 2.Nf3 e6 3.d4 cxd4 4.Nxd4 Nc6 5.Nc3 Qc7 6.f4 a6 7.Nxc6 bxc6 8.Bd3 d5
9.O-O Nf6 10.Qe2 Be7 11.b3 Nd7 12.Bb2 Bd6 13.e5 Be7 14.Na4 Nc5 15.Nxc5 Bxc5+
16.Kh1 g6 17.f5 exf5 18.e6 O-O 19.Bxf5 f6 20.Bd3 Qe7 21.Qf3 Kg7 22.Rae1 Bxe6
23.h4 Bd6 24.Qe3 Rae8 25.h5 c5 26.Qf2 d4 27.Bxa6 Bb8 28.Bb5 Qd6 29.h6+ Kh8
30.g3 Bd5+ 31.Kh2 Re5 32.Rxe5 Qxe5 33.Be2 Qg5 34.Bf3 Qxh6+ 35.Kg2 Qg5 36.Bc1 Qf5
37.Qe2 Qe5 38.Qxe5 Bxf3+ 39.Rxf3 Bxe5 40.g4 Kg7 41.a4 Ra8 42.Ba3 c4 43.Kf1 d3
44.cxd3 cxb3 45.d4 Bxd4 46.Rxb3 Rxa4 47.Kg2 Be5 48.Kh3 Rc4 49.Rb7+ Kh6 50.Bf8+ Kg5
51.Rxh7 Rc3+  0-1

[Event "2nd WTeam w"]
[Site "Ningbo CHN"]
[Date "2009.09.08"]
[Round "6"]
[White "Kosintseva,N"]
[Black "Dzagnidze,N"]
[Result "1/2-1/2"]
[WhiteElo "2493"]
[BlackElo "2535"]

1.e4 c5 2.Nf3 e6 3.d4 cxd4 4.Nxd4 Nc6 5.Nc3 Qc7 6.Be3 Nf6 7.Qd2 Bb4 8.f3 a6
9.O-O-O Ne5 10.g4 h6 11.Bf4 d6 12.Kb1 Bd7 13.Ncb5 Qc5 14.c3 axb5 15.cxb4 Qb6
16.Be3 Qa6 17.a3 Rc8 18.Be2 Nc4 19.Bxc4 bxc4 20.Ne2 Ba4 21.Rc1 Nd7 22.Nc3 Ne5
23.Nxa4 Qxa4 24.Qxd6 Nxf3 25.h4 c3 26.Rc2 Qd7 27.Qf4 Nd2+ 28.Bxd2 cxd2 29.Rxd2 Qc6
30.Rhd1 O-O 31.e5 Qc7 32.Qe4 b5 33.h5 Rfd8 34.Rd6 f6 35.Qg6 Rxd6 36.exd6 Qd7
37.Qd3 Kf7 38.Qe4 Rc4 39.Qg6+ Kf8 40.Ka2 e5 41.g5 fxg5 42.Qd3 Kf7 43.Ka1 Rd4
44.Qc2 Rxd1+ 45.Qxd1 Ke8 46.Qd3 Qc6 47.Qg6+ Kd8 48.Qxg7  1/2-1/2

[Event "4th Kolkata Open"]
[Site "Kolkata IND"]
[Date "2009.09.09"]
[Round "9"]
[White "Short,N"]
[Black "Satyapragyan,S"]
[Result "1/2-1/2"]
[WhiteElo "2706"]
[BlackElo "2439"]

1.e4 c5 2.Nf3 Nc6 3.d4 cxd4 4.Nxd4 e6 5.Nc3 Qc7 6.Be3 a6 7.Qd2 Nf6 8.O-O-O Bb4
9.f3 O-O 10.g4 b5 11.g5 Nh5 12.Kb1 Rb8 13.Nxc6 dxc6 14.f4 e5 15.f5 Bb7 16.Be2 Nf4
17.Bf3 c5 18.Qd6 Qxd6 19.Rxd6 c4 20.Rdd1 f6 21.gxf6 Rxf6 22.Bxf4 exf4 23.Nd5 Bxd5
24.Rxd5 Re8 25.c3 Bd6 26.a4 bxa4 27.Rhd1 Bf8 28.Ka2 a3 29.bxa3 Rh6 30.R1d2 Rh3
31.Rf2 Be7  1/2-1/2

[Event "ch-RUS HL"]
[Site "Ulan Ude RUS"]
[Date "2009.09.09"]
[Round "7"]
[White "Sjugirov,S"]
[Black "Khismatullin,D"]
[Result "0-1"]
[WhiteElo "2585"]
[BlackElo "2614"]

1.e4 c5 2.Nf3 Nc6 3.d4 cxd4 4.Nxd4 e6 5.Nc3 d6 6.g4 h6 7.Be3 Nf6 8.h3 Bd7
9.Qd2 Nxd4 10.Bxd4 Qa5 11.f4 Be7 12.O-O-O Rc8 13.Bxf6 gxf6 14.Kb1 a6 15.Bg2 b5
16.f5 Rc5 17.Rhf1 h5 18.gxh5 b4 19.Ne2 e5 20.Ng3 Bf8 21.Rf3 Qc7 22.Nf1 Bh6
23.Ne3 Bc6 24.Rf2 a5 25.Qe1 Ke7 26.Rfd2 Rd8 27.Ng4 Bg5 28.h6 a4 29.h7 b3
30.c3 bxa2+ 31.Ka1 a3 32.b4 Rxc3 33.Rxd6 Rxd6 34.h8=Q Ba4 35.Nxf6 Rxd1+ 36.Qxd1 Bxf6  0-1

[Event "TCh-SRB 1st League"]
[Site "Kragujevac SRB"]
[Date "2009.09.10"]
[Round "9"]
[White "Dudukovic,N"]
[Black "Damljanovic,B"]
[Result "0-1"]
[WhiteElo "2210"]
[BlackElo "2559"]

1.e4 c5 2.Nf3 e6 3.d4 cxd4 4.Nxd4 Nc6 5.Nc3 Qc7 6.Be3 a6 7.Be2 Nf6 8.O-O Be7
9.f4 d6 10.Qe1 O-O 11.Qg3 Nxd4 12.Bxd4 b5 13.Bf3 Bb7 14.a3 Rad8 15.Kh1 Rd7
16.Rad1 Qd8 17.Rd3 Qa8 18.Rfd1 Rdd8 19.Qe1 Nd7 20.Qg3 e5 21.Be3 Rfe8 22.f5 Qb8
23.Bh6 g6 24.h4 Kh8 25.fxg6 fxg6 26.Bg4 Nf6 27.Rf3 Ng8 28.Bg5 Bxg5 29.hxg5 Qc7
30.Rdf1 Re7 31.Qh4 Rg7 32.Be6 Qe7 33.Bd5 Bxd5 34.Nxd5 Qe6 35.Nf6 Rf7 36.Rh3 h5
37.g4 Nxf6 38.Rxf6 Rxf6 39.gxf6 Rf8 40.gxh5 g5 41.Qg3 Qxf6 42.Qg2 g4 43.Rg3 Qh4+
44.Kg1 Rf4 45.Re3 Kh7 46.b3 Kh6 47.Qd2 Kxh5 48.c4 bxc4 49.bxc4 Rf3 50.Rxf3 gxf3
51.Qe3 Qg3+ 52.Kf1 Kg4 53.c5 dxc5 54.Qd3 Qg2+  0-1

[Event "TCh-SRB 1st League"]
[Site "Kragujevac SRB"]
[Date "2009.09.10"]
[Round "9"]
[White "Predojevic,B"]
[Black "Rublevsky,S"]
[Result "0-1"]
[WhiteElo "2654"]
[BlackElo "2703"]

1.e4 c5 2.Nf3 e6 3.d4 cxd4 4.Nxd4 Nc6 5.Nc3 a6 6.Be2 Qc7 7.O-O Nf6 8.Be3 Be7
9.f4 d6 10.a4 O-O 11.Kh1 Re8 12.Bf3 Bf8 13.Qd2 Rb8 14.Qf2 e5 15.Nde2 b5 16.axb5 axb5
17.f5 Nb4 18.Bg5 Qc5 19.Qh4 Be7 20.Ng3 Nxc2 21.Nh5 Nxh5 22.Bxe7 Nf4 23.g3 f6
24.Bxf6 Nd3 25.Nd5 Rb7 26.Bxg7 Kxg7 27.Nf6 Rf8 28.Nxh7 Nf2+ 29.Rxf2 Qxf2
30.f6+ Kg8 31.Qg5+ Kh8 32.Nxf8 Qxf3+ 33.Kg1 Qe3+ 34.Qxe3 Nxe3 35.Ra8 Rc7
36.Ne6 Rc1+ 37.Kf2 Ng4+ 38.Ke2 Nxf6 39.Kd2 Rc6 40.Nd8 Rc5 41.Ne6 Rc6 42.Nd8 Rc4
43.b3 Rd4+ 44.Kc1 Nxe4 45.Rxc8 Kh7 46.Rb8 Rd5 47.Ne6 Kg6 48.Rb7 Kf5 49.Nf8 Nc5
50.Rf7+ Kg4 51.Kc2 Ne4 52.h4 Rd2+ 53.Kc1 Rh2 54.Nd7 Kxg3  0-1

[Event "TCh-SRB 1st League"]
[Site "Kragujevac SRB"]
[Date "2009.09.10"]
[Round "9"]
[White "Marinkovic,I"]
[Black "Rajkovic,Du"]
[Result "1/2-1/2"]
[WhiteElo "2461"]
[BlackElo "2472"]

1.e4 c5 2.Nf3 e6 3.Nc3 Nc6 4.d4 cxd4 5.Nxd4 Qc7 6.g3 a6 7.Bg2 Nf6 8.O-O Nxd4
9.Qxd4 Bc5 10.Bf4 d6 11.Qd2 h6 12.Rad1 e5 13.Be3 Ke7 14.Bxc5 Qxc5 15.Na4 Qc6
16.f4 a5 17.fxe5 dxe5 18.Qd3 b5  1/2-1/2

[Event "II Open"]
[Site "Sabadell ESP"]
[Date "2009.09.10"]
[Round "9"]
[White "Solodovnichenko,Y"]
[Black "Fier,A"]
[Result "0-1"]
[WhiteElo "2601"]
[BlackElo "2644"]

1.e4 c5 2.Nf3 e6 3.d4 cxd4 4.Nxd4 Nc6 5.Nc3 Qc7 6.Be3 a6 7.Qd2 Nf6 8.O-O-O Be7
9.f3 O-O 10.g4 b5 11.g5 Nh5 12.Nce2 Rd8 13.f4 Bb7 14.Bg2 g6 15.Nb3 Rac8 16.Kb1 d5
17.e5 d4 18.Nexd4 Nxd4 19.Nxd4 Bc5 20.Bxb7 Qxb7 21.Qf2 Qe4 22.Nf5 exf5 23.Bxc5 Nxf4
24.Bd6 Ne2 25.Ka1 Rxc2 26.Rhe1 Rdc8 27.a3 Rxb2 28.e6 fxe6 29.Rb1 Rd2 30.Rec1 Rcc2  0-1

[Event "ch-RUS HL"]
[Site "Ulan Ude RUS"]
[Date "2009.09.10"]
[Round "8"]
[White "Kurnosov,I"]
[Black "Tregubov,P"]
[Result "1/2-1/2"]
[WhiteElo "2669"]
[BlackElo "2649"]

1.e4 c5 2.Nf3 e6 3.d4 cxd4 4.Nxd4 Nc6 5.Nc3 Nf6 6.Ndb5 d6 7.Bf4 e5 8.Bg5 a6
9.Na3 b5 10.Bxf6 gxf6 11.Nd5 f5 12.Bxb5 axb5 13.Nxb5 Ra4 14.Nbc7+ Kd7 15.O-O Rg8
16.g3 Rxe4 17.Qh5 Qg5 18.Qxf7+ Be7 19.Ne6 Nd8 20.Nxg5 Nxf7 21.Nxf7 Bb7 22.Nxe7 Kxe7
23.Nh6 Rf8 24.f4 Ke6 25.g4 exf4 26.Nxf5 Rg8 27.h3 h5 28.Rae1 hxg4 29.Nh6 Ra8
30.Nxg4 Rxa2 31.Rxe4+ Bxe4 32.Re1 d5 33.c4 Rxb2 34.cxd5+ Kf5 35.Nh6+ Ke5
36.d6 Rg2+ 37.Kf1 Rd2 38.Nf7+ Kf5 39.Nh6+ Ke5 40.Ng4+ Kf5 41.Nh6+ Ke5 42.d7 Rxd7
43.Ng4+ Kf5 44.Rxe4 Kxe4 45.Nf6+ Kf3 46.Nxd7 Kg3 47.Ne5 Kxh3 48.Nd3 Kg3 49.Nxf4  1/2-1/2

[Event "2nd WTeam w"]
[Site "Ningbo CHN"]
[Date "2009.09.11"]
[Round "9"]
[White "Zawadzka,J"]
[Black "Dzagnidze,N"]
[Result "0-1"]
[WhiteElo "2414"]
[BlackElo "2535"]

1.e4 c5 2.Nf3 e6 3.d4 cxd4 4.Nxd4 Nc6 5.Nc3 Qc7 6.Be3 a6 7.Bd3 Nf6 8.O-O Bd6
9.f4 Bc5 10.Nf5 Bxe3+ 11.Nxe3 d6 12.Kh1 O-O 13.a4 b6 14.Qf3 Bb7 15.Rae1 Nb4
16.Qg3 Rad8 17.Qh4 Nxd3 18.cxd3 Qc5 19.Rf3 h6 20.f5 b5 21.axb5 axb5 22.Ref1 b4
23.Ne2 e5 24.Rg3 Kh7 25.Ng4 Nxg4 26.Qxg4 Rg8 27.Rc1 Qf2 28.Ng1 Rc8 29.Rxc8 Bxc8
30.b3 Bd7 31.h4 f6 32.Nh3 Qf1+ 33.Kh2 Be8 34.d4 h5 35.Qf3 Qxf3 36.Rxf3 Bb5
37.d5 Rc8 38.Kg3 Rc3 39.Kf2 Bd3 40.Ke3 Bc2+ 41.Kd2 Bxe4 42.Rxc3 bxc3+ 43.Kxc3 Bxg2
44.Nf2 Bxd5 45.b4 g6 46.fxg6+ Kxg6 47.Nd1 Kf5 48.b5 Ke6 49.Ne3 f5 50.b6 Be4
51.Nc4 f4 52.Na5 Kd7 53.Kd2 Bd5 54.Ke2 e4 55.Kf2 Ba2 56.Ke2 d5 57.b7 Kc7
58.Nc6 Kxb7 59.Nd8+ Kb6 60.Ne6 f3+ 61.Ke3 Kb5 62.Nd4+ Kc4 63.Nf5 d4+ 64.Nxd4 f2
65.Nf3 exf3 66.Kxf2 Kd4 67.Kxf3 Ke5  0-1

[Event "ch-RUS HL"]
[Site "Ulan Ude RUS"]
[Date "2009.09.11"]
[Round "9"]
[White "Pushkarev,D"]
[Black "Shaposhnikov,E"]
[Result "0-1"]
[WhiteElo "2429"]
[BlackElo "2545"]

1.e4 c5 2.Nf3 e6 3.d4 cxd4 4.Nxd4 Nc6 5.Nc3 Qc7 6.Be3 a6 7.Qd2 Nf6 8.O-O-O Bb4
9.f3 Ne5 10.Nb3 d5 11.Bd4 O-O 12.a3 Bd6 13.exd5 exd5 14.Bxe5 Bxe5 15.Nxd5 Nxd5
16.Qxd5 Be6 17.Qc5 Bxh2 18.Bd3 h6 19.Be4 Bf4+ 20.Kb1 Rac8 21.Qxc7 Rxc7 22.Nd4 Bd7
23.Nf5 Re8 24.Rhe1 Kf8 25.Bd3 Rxe1 26.Rxe1 Rc5 27.Nd4 Rg5 28.Re2 Rh5 29.b4 Rh1+
30.Kb2 Rd1 31.Nb3 Bc8 32.a4 Bd6 33.Kc3 Be7 34.Nd2 Ra1 35.Kb3 Be6+ 36.Bc4 Bxc4+
37.Nxc4 Rb1+ 38.Nb2 Bxb4 39.Kxb4 Rxb2+ 40.Kc5 h5 41.Kd6 g6 42.Kc7 b5 43.a5 b4
44.Re4 b3 45.c3 Rxg2 46.Kb7 b2 47.Rb4 h4  0-1

[Event "ch-NED w"]
[Site "Haaksbergen NED"]
[Date "2009.09.12"]
[Round "1"]
[White "De Mie,M"]
[Black "Peng Zhaoqin"]
[Result "1-0"]
[WhiteElo "2192"]
[BlackElo "2407"]

1.e4 c5 2.Nf3 Nc6 3.Nc3 e6 4.d4 cxd4 5.Nxd4 Qc7 6.f4 a6 7.Be3 b5 8.Bd3 Bb7
9.Qe2 Nxd4 10.Bxd4 Qxf4 11.Rf1 Qxh2 12.O-O-O f6 13.Rh1 Qc7 14.Rh3 Ne7 15.Bxb5 Ng6
16.Ba4 Bc6 17.Nd5 Bxd5 18.exd5 e5 19.Rc3 Qd8 20.Be3 Bd6 21.Qg4 Rb8 22.Rh1 Ke7
23.Bc5 Qc7 24.b4 Rbf8 25.Bb6  1-0